Rezident /

Hlavní autor: Kožnar, Zbyněk, 1925-1986
Jazyk: Čeština
Vydáno: Praha : Svět sovětů, 1966
Vydání: 1. vyd.
Externí odkaz: Digitalizovaný dokument
Fyzický popis: 228 s., obr. příl. : il. ; 8°
Knihy
Uloženo v:
LEADER 01103nam a22003012a 4500
001 000793650
003 CZ BrMZK
005 20131113112246.0
007 ta
008 051018s1966 xr af er|||||||||||cze d
015 |a cnb000488906 
035 |a (OCoLC)42114308 
040 |a ABA001  |b cze  |c KLG001  |d ABA001  |d BOA001 
080 9 |a 885-4:92 Roblička, V.:355.319(47:437):940.5 
100 1 |a Kožnar, Zbyněk,  |d 1925-1986  |7 jk01062677  |4 aut 
245 1 0 |a Rezident /  |c Zbyněk Kožnar 
250 |a 1. vyd. 
260 |a Praha :  |b Svět sovětů,  |c 1966 
300 |a 228 s., obr. příl. :  |b il. ;  |c 8° 
500 |a Obálka, vazba a předsádka: Leon Novotný 
500 |a 26000 výt. 
856 4 1 |u http://www.digitalniknihovna.cz/mzk/uuid/uuid:bb941160-d34a-11e2-8f90-005056827e51  |y Digitalizovaný dokument  |x NDK 
910 |a BOA001  |b 2-0558.501  |b PK-0042.912 
920 |a 000736804 
990 |a BK 
991 |b 200510 
996 6 |b 2619221464  |c 2-0558.501  |l HP2  |r DEN  |n 2  |w 000793650  |u 000010  |a 1  |e BOA001  |j MZK50  |s P 
996 7 |b 3119672118  |c PK-0042.912  |l MZK  |r Sklad / do 1 hodiny  |n 1  |w 000793650  |u 000020  |a 1  |e BOA001  |j MZK50  |s A